000 01408nam a22002897a 4500
005 20081117123210.0
008 081117t xxu||||| |||| 00| 0 hin d
010 _aHIN-85046
020 _c275.00
_a8189462709
035 _aHN-57392
037 _bDBAD / PUB
040 _aDPL
_bHN
082 _a371.2
100 _aसतीश कुमार
245 _aविद्यालय संगठन एवं शारीरिक शिक्षा /
_cसतीश कुमार
246 _aVidhyaalaya sangathana avam shaariirik shikshaa
_bby Satish Kumar
260 _aजयपुर
_bअपोलो प्रकाशन
_c2008
270 _a25, सिद्धेश्वर महादेव ान्दिर के पीछे, पिंकसिटी मार्केट, राजापार्क,
_bजयपुर
300 _a216 पृ
_c22सेमी (सजिल्द)
650 _aविद्यालय प्रबंध एवं संगठन
650 _aSchool management and organisation
650 _aशारीरिक शिक्षा
650 _aPhysical education
700 _a
942 _2ddc
_cHN
_mसतीश
_h371.2
999 _c18665
_d18665